Kỹ thuật Ngoại thương

Gorde:
Xehetasun bibliografikoak
Egile nagusia: Đoàn Thị Hồng Vân
Formatua: Liburua
Hizkuntza:Vietnamese
Argitaratua: Lao Động – Xã Hội 2007
Gaiak:
Etiketak: Etiketa erantsi
Etiketarik gabe, Izan zaitez lehena erregistro honi etiketa jartzen!
Thư viện lưu trữ: Mạng thư viện Đại học Đà Nẵng
LEADER 01094cam a22003251a 4500
001 000035941
003 12233
005 20160323000000.0
008 160321s2007 000 vie
041 |a vie 
082 |a 658  |b ĐO-V 
100 |a Đoàn Thị Hồng Vân 
245 |a Kỹ thuật Ngoại thương  |c Đoàn Thị Hồng Vân 
260 |a Lao Động – Xã Hội  |c 2007 
300 |a 465tr . : mh ; 30cm 
650 |a Kỹ thuật Ngoại thương, Ngoại thương 
852 |b Chuyên đề  |c Giáo trình 
OWN |a LNN 
AVA |a UDN50  |b LNN  |d 658 ĐO-V  |e available  |t Error 5001 Not defined in file expand_doc_bib_avail.  |f 1  |g 0  |h N  |i 0  |k 1 
999 |a From the UDN01 
AVA |a UDN50  |b LNN  |d 658 ĐO-V  |e available  |t Error 5001 Not defined in file expand_doc_bib_avail.  |f 1  |g 0  |h N  |i 0  |k 1 
TYP |a Monograph 
TYP |a Printed language 
980 |a Mạng thư viện Đại học Đà Nẵng